000 00639cab a2200229 4500
001 WB2818-15
008 090401t1992 xxu||||| |||| 00| 0 eng d
035 _a(Sirsi) u615
041 _aeng
245 _aCaution still needed
260 _c1992
350 _a0
490 _aFinancial Times
_v7 May 1992, SIII3(1)
520 _aRaises issues of interest to fund managers investing in the property market.
650 _aINSTITUTIONAL INVESTMENT
650 _aPORTFOLIO PERFORMANCE
650 _aPROPERTY UNIT TRUSTS
650 _aYIELDS
690 _aPROPERTY-PROPERTY FINANCE AND INVESTMENT
942 _n0
948 _c04/03/1997
999 _c303
_d303